NDU-K Library Catalogue

Girl in a jacket 

Managing Change in Organizations (Record no. 23680)

MARC details
000 -LEADER
fixed length control field 00450nam a22001697a 4500
003 - CONTROL NUMBER IDENTIFIER
control field OSt
005 - DATE AND TIME OF LATEST TRANSACTION
control field 20260409064229.0
008 - FIXED-LENGTH DATA ELEMENTS--GENERAL INFORMATION
fixed length control field 260409b |||||||| |||| 00| 0 eng d
020 ## - INTERNATIONAL STANDARD BOOK NUMBER
International Standard Book Number 9780273704140
040 ## - CATALOGING SOURCE
Transcribing agency ipstc
050 ## - LIBRARY OF CONGRESS CALL NUMBER
Classification number HD58.8
Item number .C37 2007
100 ## - MAIN ENTRY--PERSONAL NAME
Personal name Carnall,Colin
245 ## - TITLE STATEMENT
Title Managing Change in Organizations
250 ## - EDITION STATEMENT
Edition statement 5 edition
260 ## - PUBLICATION, DISTRIBUTION, ETC.
Place of publication, distribution, etc. Harlow,England
Name of publisher, distributor, etc. Prentice -Hall International,UK, Limited
Date of publication, distribution, etc. 2007
942 ## - ADDED ENTRY ELEMENTS (KOHA)
Source of classification or shelving scheme Library of Congress Classification
Koha item type Normal Collection
Suppress in OPAC No
Holdings
Withdrawn status Lost status Source of classification or shelving scheme Damaged status Not for loan Home library Current library Date acquired Inventory number Total Checkouts Full call number Barcode Date last seen Price effective from Koha item type
    Library of Congress Classification     International Peace Support Training Centre (IPSTC) International Peace Support Training Centre (IPSTC) 09/04/2026 1025/2010   HD58.8 .C37 2007 200110252010 09/04/2026 09/04/2026 Normal Collection
Copyright © 2026 [National Defence University - Kenya]. All rights reserved.